000 00991nam a22002897a 4500
001 7380
003 FISKH
005 20250717143926.0
008 250711b cb ||||| |||| 00| 0 eng d
020 _a9780061885174
040 _aFISKH
_beng
_cFISKH
_dFISKH
050 _aPZ7.S8185 I
082 _a560
100 _aStein, Erin K.
245 _aWonder woman :
_bI am wonder woman /
_cWritten by Erin K. Stein ; Illustrated by Rick Farley
260 _aNew York :
_bHarper Collins,
_c2010.
300 _a32 pages :
_bcolor illustrations ;
_c23 cm
490 _aI can read :
_vReading with help 2
505 _aG
520 _aIntroduces Wonder Woman, the superhero amazon from Paradise Island who protects Earth using a magic lasso, protective armbands, and super strength.
521 8 _a380
_bLexile estimate
521 8 _aG
_bRaz-Plus
650 _aWonder Woman
_vFICTION
_xsuperhero
700 _aFarley, Rick
_eillustrator
942 _2ddc
_cBK
_n0
999 _c7380
_d7380